Essays

Uloženo v:
Podrobná bibliografie
Hlavní autor: Emerson, Ralph Waldo
Médium: Kniha
Jazyk:Undetermined
Vydáno: Boston, Estados Unidos Houghton, Mifflin & Co. 1884
Témata:
Tagy: Přidat tag
Žádné tagy, Buďte první, kdo vytvoří štítek k tomuto záznamu!

MARC

LEADER 00000nam a2200000Ia 4500
008 170316s9999 xx 000 0 und d
090 |a 810 E-12e 
100 |a Emerson, Ralph Waldo 
245 |a Essays 
260 |a Boston, Estados Unidos 
260 |b Houghton, Mifflin & Co. 
260 |c 1884 
300 |a 228 páginas 
650 |a LITERATURA ESTADOUNIDENSE 
999 |c 20964  |d 20964 
040 |a cru BVZT 
942 |c 15 D  |h 810 E-12e  |2 z